| 000 | 00767nam a22002177a 4500 | ||
|---|---|---|---|
| 003 | OSt | ||
| 005 | 20260316082455.0 | ||
| 008 | 260316b |||||||| |||| 00| 0 eng d | ||
| 020 | _a978-1-338-15941 | ||
| 040 |
_aDWCL GS lib _cOC |
||
| 082 | _aS856l 2016 | ||
| 100 | _aSTILTON THEA | ||
| 245 |
_aThe land of flowers _cTHEA STILTON |
||
| 260 |
_aNew York _bScholastic Inc. _c2016 |
||
| 300 |
_a305 p _bcolor illustrations _c 20 cm |
||
| 520 | _aa fantasy adventure where the Thea Sisters travel to a magical realm to save the wilting "Seven Roses". | ||
| 650 | _athe Netherlands, recognized worldwide as a leader in flower breeding | ||
| 650 | _aThe moral lessons derived from such tales emphasize personal growth | ||
| 700 | _aTHEA STILTON | ||
| 942 |
_2ddc _cFIC. _n0 |
||
| 999 |
_c9164 _d9164 |
||